Word Ladder: The Big Lebowski Quiz Stats

Quiz Updated Jun 9, 2016

Challenge
Share
Tweet
Embed
Score 0/15 Timer 01:30
1 Play Today
Clue 4-Letter Word % Correct
Big name in sneakersNIKE
97.9%
Large shopping areaMALL
97.2%
III x IIININE
96.6%
Not succeedFAIL
96.6%
'You've Got ____'MAIL
96.2%
Not dressedNUDE
96.1%
Atomic weaponNUKE
96%
Source for oreMINE
93.8%
Clue 4-Letter Word % Correct
Expensive furMINK
93.8%
☮ Possible ingredient for a White Russian ☮☮ MILK ☮
93.4%
Grain-grinding buildingMILL
93.3%
One way to cook eggsBOIL
91.2%
Thin metal sheetFOIL
89.5%
☮ Main character in 'The Big Lebowski' ☮☮ DUDE ☮
86.2%
☮ What [Rung 1] does with his friends at an alley ☮☮ BOWL ☮
82.8%

Today's Daily Dose

You're not logged in!

Compare scores with friends on all Sporcle quizzes.
Join for Free
OR
Log In

You Might Also Like...

Show Comments

Extras

Top Quizzes Today


Score Distribution

Your Account Isn't Verified!

In order to create a playlist on Sporcle, you need to verify the email address you used during registration. Go to your Sporcle Settings to finish the process.

Report this User

Report this user for behavior that violates our Community Guidelines.

Details: